000 nam a22 7a 4500
999 _c22995
_d22995
008 170125b xxu||||| |||| 00| 0 eng d
020 _a9781259228360
050 _aHF 5635 .W55 2015
100 _aWild, John J.
_d2015
245 _aFinancial accounting fundamentals/
_cJohn J. Wild.
250 _a4th ed.
260 _aUSA:
_bMc Graw hill,
_c2015.
300 _axxx, 607, [98]p.:
_bill.;
_c27cm.
521 _aIncludes bibliographical references and index.
650 _aAccounting.
942 _2lcc
_cBOOKS
_hHF 5635 .W55 2015